[Event "13th World Teams Pool A"]
[Site "Jerusalem ISR"]
[Date "2022.11.20"]
[Round "1.1"]
[Board "1"]
[White "Van Foreest, Jorden"]
[Black "Santos Latasa, Jaime"]
[Result "1/2-1/2"]
[WhiteTitle "GM"]
[BlackTitle "GM"]
[WhiteElo "2690"]
[BlackElo "2665"]
[WhiteTeam "Netherlands"]
[BlackTeam "Spain"]
[WhiteFideId "1039784"]
[BlackFideId "2293307"]
[EventDate "2022.11.20"]

1. d4 Nf6 2. c4 e6 3. Nf3 d5 4. Nc3 Bb4 5. cxd5 exd5 6. Bg5 h6 7. Bxf6 Qxf6 8.
e3 O-O 9. Bd3 Rd8 10. O-O Bf8 11. Qb3 c6 12. Rfe1 Qe7 13. e4 Be6 14. exd5 cxd5
15. Bf5 Nc6 16. Rad1 Qd7 17. Bxe6 fxe6 18. Rd3 Re8 19. Rde3 Qf7 20. Qb5 g5 21.
Qe2 Bg7 22. Rxe6 Rxe6 23. Qxe6 Qxe6 24. Rxe6 Rd8 25. Re1 Nxd4 26. Nxd4 Bxd4 27.
Rd1 Bxc3 28. bxc3 Kf7 29. Kf1 Ke6 30. Rd3 Rd6 31. Ke2 Ra6 32. Rd2 Ra4 1/2-1/2

[Event "13th World Teams Pool A"]
[Site "Jerusalem ISR"]
[Date "2022.11.20"]
[Round "1.1"]
[Board "2"]
[White "Anton Guijarro, David"]
[Black "Van Foreest, Lucas"]
[Result "1-0"]
[WhiteTitle "GM"]
[BlackTitle "GM"]
[WhiteElo "2668"]
[BlackElo "2585"]
[WhiteTeam "Spain"]
[BlackTeam "Netherlands"]
[WhiteFideId "2285525"]
[BlackFideId "1039792"]
[EventDate "2022.11.20"]

1. e4 e5 2. Nf3 Nc6 3. Bb5 Nf6 4. d3 Bc5 5. Bg5 h6 6. Bh4 d6 7. Nc3 g5 8. Bg3
Bd7 9. Na4 Bb6 10. h4 g4 11. Nxb6 axb6 12. Nh2 Nd4 13. Bxd7+ Qxd7 14. c3 Nc6 15.
O-O Rg8 16. Re1 Nh5 17. Nf1 f5 18. exf5 Qxf5 19. Ne3 Qg6 20. a4 Kf8 21. d4 exd4
22. cxd4 Rg7 23. Rc1 Re8 24. Qd2 Kg8 25. b4 Kh7 26. b5 Na5 27. Qc3 Nf6 28. Qc2
Re4 29. Kh2 Rge7 30. Qb1 h5 31. Red1 Kg7 32. Rc3 Kh7 33. Rdc1 c6 34. bxc6 Nxc6
35. Qxb6 Nxd4 36. Rc7 Ne2 37. Qxb7 Qf7 38. Nf5 Nxc1 39. Nxe7 Ne8 40. Qxe4+ 1-0

[Event "13th World Teams Pool A"]
[Site "Jerusalem ISR"]
[Date "2022.11.20"]
[Round "1.1"]
[Board "3"]
[White "Warmerdam, Max"]
[Black "Shirov, Alexei"]
[Result "1/2-1/2"]
[WhiteTitle "GM"]
[BlackTitle "GM"]
[WhiteElo "2617"]
[BlackElo "2666"]
[WhiteTeam "Netherlands"]
[BlackTeam "Spain"]
[WhiteFideId "1048104"]
[BlackFideId "2209390"]
[EventDate "2022.11.20"]

1. d4 Nf6 2. c4 g6 3. Nc3 d5 4. Nf3 Bg7 5. cxd5 Nxd5 6. e4 Nxc3 7. bxc3 c5 8.
Bb5+ Nc6 9. O-O cxd4 10. cxd4 O-O 11. Be3 Bg4 12. Bxc6 bxc6 13. Rc1 Qa5 14. Qd2
Qxd2 15. Nxd2 Rfd8 16. Nb3 a5 17. Rxc6 a4 18. Nc5 Bxd4 19. Bxd4 Rxd4 20. f3 Rc8
21. Rxc8+ Bxc8 22. Rc1 Be6 23. a3 Bb3 24. Nxb3 axb3 25. Rb1 Rd3 26. Rb2 f5 27.
Kf2 f4 28. a4 Rd4 29. Rxb3 Rxa4 30. Rb2 Kf7 1/2-1/2

[Event "13th World Teams Pool A"]
[Site "Jerusalem ISR"]
[Date "2022.11.20"]
[Round "1.1"]
[Board "4"]
[White "Santos Ruiz, Miguel"]
[Black "Kevlishvili, Robby"]
[Result "1/2-1/2"]
[WhiteTitle "GM"]
[BlackTitle "GM"]
[WhiteElo "2587"]
[BlackElo "2536"]
[WhiteTeam "Spain"]
[BlackTeam "Netherlands"]
[WhiteFideId "22291482"]
[BlackFideId "1040634"]
[EventDate "2022.11.20"]

1. e4 c5 2. Nf3 d6 3. Nc3 Nf6 4. d4 cxd4 5. Qxd4 Nc6 6. Qe3 g6 7. h3 Bg7 8. Bc4
O-O 9. O-O Nd7 10. Rd1 Nde5 11. Nxe5 Nxe5 12. Bb3 Bd7 13. a4 Nc6 14. Nd5 Na5 15.
Ra3 Nxb3 16. Qxb3 e6 17. Nc3 Bc6 18. Qb4 Be5 19. f4 a5 20. Qc4 Qb6+ 21. Kh2 Qb4
22. Qd3 Bxc3 23. Rxc3 Qxe4 24. Qxe4 Bxe4 25. Rxd6 Rfd8 26. Rxd8+ Rxd8 27. Be3
Bc6 28. Rd3 Rxd3 29. cxd3 Bxa4 30. Bb6 Bb5 31. Bxa5 Bxd3 32. Kg1 f6 33. Bc3 Kf7
34. h4 h6 35. Kf2 g5 36. hxg5 hxg5 37. fxg5 fxg5 38. Ke3 Bf1 39. g3 Kg6 40. Be5
Kf5 41. Kd4 Bg2 42. Bb8 Bf1 43. Be5 Bg2 44. Bb8 Bf1 45. Be5 1/2-1/2

[Event "13th World Teams Pool A"]
[Site "Jerusalem ISR"]
[Date "2022.11.20"]
[Round "1.2"]
[Board "1"]
[White "Vachier-Lagrave, Maxime"]
[Black "Ivanchuk, Vasyl"]
[Result "1/2-1/2"]
[WhiteTitle "GM"]
[BlackTitle "GM"]
[WhiteElo "2736"]
[BlackElo "2673"]
[WhiteTeam "France"]
[BlackTeam "Ukraine"]
[WhiteFideId "623539"]
[BlackFideId "14100010"]
[EventDate "2022.11.20"]

1. e4 e5 2. Nf3 Nc6 3. Bb5 a6 4. Ba4 Nf6 5. O-O Be7 6. d3 d6 7. c3 O-O 8. Nbd2
Nd7 9. Bc2 Nb6 10. b4 f5 11. a4 fxe4 12. dxe4 Bg4 13. h3 Bh5 14. Re1 Bg5 15. g4
Be8 16. Nxg5 Qxg5 17. Nf3 Qf6 18. Kg2 Bd7 19. a5 Nc8 20. Bb3+ Kh8 21. g5 Qd8 22.
Nh4 N8e7 23. Kg3 Qe8 24. Qe2 Nd8 25. f4 Be6 26. Bc2 exf4+ 27. Bxf4 Ndc6 28. Rf1
Rd8 29. Rad1 Ne5 30. Bxe5 dxe5 31. Rxf8+ Qxf8 32. Rf1 Qe8 33. Rf2 Qc6 34. Qe3
Ng6 35. Nf3 Bc8 36. Rd2 Rf8 37. Bb3 Be6 38. Bxe6 Qxe6 39. Nh2 Nf4 40. Ng4 Qe7
41. Qc5 Qxc5 42. bxc5 Ne6 43. Rd5 Nxg5 44. Rxe5 h6 45. h4 Rf3+ 46. Kg2 Rf4 47.
Nf2 Rxh4 48. Kg3 Rh5 49. Re7 Kg8 50. Kg4 Rh2 51. Kg3 Rh5 52. e5 Kf8 53. Rxc7 Ne6
54. c6 bxc6 55. Rxc6 Rxe5 56. Rxa6 Ke7 57. Ra7+ Kd6 58. Kf3 Ng5+ 59. Kg4 Re3 60.
Rxg7 Rxc3 61. Rg6+ Ke5 62. Rxh6 Ne6 63. Rh5+ Kd4 64. Rb5 Ra3 65. Kf5 Nc5 66. Ng4
Kc4 67. Rb1 Rxa5 68. Ne5+ Kc3 69. Nc6 Ra2 70. Rc1+ Rc2 71. Rxc2+ Kxc2 1/2-1/2

[Event "13th World Teams Pool A"]
[Site "Jerusalem ISR"]
[Date "2022.11.20"]
[Round "1.2"]
[Board "2"]
[White "Shevchenko, Kirill"]
[Black "Moussard, Jules"]
[Result "1-0"]
[WhiteTitle "GM"]
[BlackTitle "GM"]
[WhiteElo "2649"]
[BlackElo "2676"]
[WhiteTeam "Ukraine"]
[BlackTeam "France"]
[WhiteFideId "14129574"]
[BlackFideId "642908"]
[EventDate "2022.11.20"]

1. c4 e5 2. Nc3 Nf6 3. Nf3 Nc6 4. g3 d5 5. cxd5 Nxd5 6. Bg2 Bc5 7. O-O O-O 8. d3
h6 9. Nxd5 Qxd5 10. Bd2 Qd6 11. Bc3 Bg4 12. h3 Bxf3 13. Bxf3 Rab8 14. e3 Rfd8
15. Be4 Bb4 16. Qb3 Bxc3 17. bxc3 Ne7 18. Rfd1 c5 19. a4 b6 20. Qc4 Nd5 21. Rab1
Nc7 22. h4 a6 23. d4 cxd4 24. cxd4 b5 25. axb5 Nxb5 26. dxe5 Qxe5 27. Bd5 Qf6
28. Rbc1 h5 29. e4 g6 30. Kg2 Kg7 31. Rd3 Nd6 32. Qa4 Qe5 33. Rf3 Rf8 34. Rc7
Rbc8 35. Ra7 Rce8 36. Qxa6 Re7 37. Rxe7 Qxe7 38. Qa1+ Kh7 39. Qf6 Nc8 40. Qxe7
Nxe7 41. Rxf7+ Rxf7 42. Bxf7 Kg7 43. Bc4 Nc6 44. f4 Nd4 45. Kf2 Kf6 46. Ke3 Nc2+
47. Kd3 Nb4+ 48. Kd4 Nc2+ 49. Kc3 Ne3 50. Be2 Ng2 51. Kd2 1-0

[Event "13th World Teams Pool A"]
[Site "Jerusalem ISR"]
[Date "2022.11.20"]
[Round "1.2"]
[Board "3"]
[White "Fressinet, Laurent"]
[Black "Volokitin, Andrei"]
[Result "1-0"]
[WhiteTitle "GM"]
[BlackTitle "GM"]
[WhiteElo "2622"]
[BlackElo "2663"]
[WhiteTeam "France"]
[BlackTeam "Ukraine"]
[WhiteFideId "608742"]
[BlackFideId "14107090"]
[EventDate "2022.11.20"]

1. d4 Nf6 2. c4 e6 3. Nf3 d5 4. Nc3 Bb4 5. cxd5 exd5 6. Bg5 h6 7. Bh4 O-O 8. e3
Bf5 9. Be2 Nbd7 10. Qb3 Qe7 11. O-O c6 12. a3 Bd6 13. Qxb7 Rab8 14. Qxc6 g5 15.
Bg3 Bxg3 16. hxg3 Rxb2 17. Rfe1 Nb6 18. Qc5 Qe6 19. Ne5 Rc8 20. Qa5 Ne4 21. Rac1
Nd6 22. Bf1 f6 23. Nd3 Bxd3 24. Bxd3 Rb3 25. Bf1 Qf7 26. Nb5 Ndc4 27. Qa6 Qd7
28. a4 Rb4 29. Qxa7 Qd8 30. a5 Rxb5 31. axb6 Qxb6 32. Qxb6 Rxb6 33. e4 Nd6 34.
Rxc8+ Nxc8 35. exd5 Kf7 36. Rc1 Ne7 37. Rc7 Rd6 38. Bc4 Kf8 39. Rc5 Nf5 40. Rc8+
Ke7 41. Rh8 Kf7 42. Bd3 Kg7 43. Ra8 Nxd4 44. Ra7+ Kf8 45. Bc4 Nf5 46. Kf1 Rb6
47. Bd3 Ne7 48. Ra5 Rd6 49. Bc4 f5 50. Ke2 Kf7 51. Ke3 Kf6 52. f4 Ng6 53. Ra7
Rb6 54. d6 gxf4+ 55. gxf4 Nh4 56. Rf7+ Kg6 57. d7 Rd6 58. g3 Ng2+ 59. Ke2 h5 60.
Re7 Kf6 61. Re6+ Rxe6+ 62. Bxe6 Ke7 63. Kf2 1-0

[Event "13th World Teams Pool A"]
[Site "Jerusalem ISR"]
[Date "2022.11.20"]
[Round "1.2"]
[Board "4"]
[White "Kovalenko, Igor"]
[Black "Gharamian, Tigran"]
[Result "1-0"]
[WhiteTitle "GM"]
[BlackTitle "GM"]
[WhiteElo "2674"]
[BlackElo "2601"]
[WhiteTeam "Ukraine"]
[BlackTeam "France"]
[WhiteFideId "14117908"]
[BlackFideId "13301527"]
[EventDate "2022.11.20"]

1. c4 e6 2. Nc3 d5 3. d4 a6 4. cxd5 exd5 5. Nf3 Nf6 6. Bg5 Be6 7. e3 Nbd7 8. Bd3
h6 9. Bh4 g5 10. Bg3 Nh5 11. Qc2 Nxg3 12. hxg3 Bg7 13. Bf5 Bxf5 14. Qxf5 c6 15.
g4 Qf6 16. Ke2 Qxf5 17. gxf5 g4 18. Ne1 h5 19. Nd3 Ke7 20. Nf4 Kf6 21. Nxh5+
Kxf5 22. f3 gxf3+ 23. gxf3 Bh6 24. Rh3 Ke6 25. Rah1 Rhg8 26. Ng3 Bg5 27. e4 dxe4
28. fxe4 Rg6 29. Nf5 Rag8 30. Kd3 Bd8 31. Rh8 Nf6 32. Rxg8 Rxg8 33. Rf1 Rg5 34.
Rf3 Bc7 35. Na4 Nd7 36. b4 b6 37. Nc3 b5 38. Ne2 Nf8 39. Nh6 Rg7 40. e5 Bd8 41.
Nf4+ Kd7 42. Nh5 Rh7 43. Nxf7 Rxh5 44. Nxd8 Kxd8 45. Rxf8+ Kc7 46. Rf7+ Kb6 47.
e6 Rh1 48. Ke4 a5 49. a3 a4 50. e7 1-0

[Event "13th World Teams Pool A"]
[Site "Jerusalem ISR"]
[Date "2022.11.20"]
[Round "1.3"]
[Board "1"]
[White "Solomon, Kenny"]
[Black "Xu, Xiangyu"]
[Result "0-1"]
[WhiteTitle "GM"]
[BlackTitle "GM"]
[WhiteElo "2355"]
[BlackElo "2577"]
[WhiteTeam "South Africa"]
[BlackTeam "China"]
[WhiteFideId "14300192"]
[BlackFideId "8608288"]
[EventDate "2022.11.20"]

1. e4 c5 2. Nf3 d6 3. d4 cxd4 4. Nxd4 Nf6 5. Nc3 Nc6 6. Bg5 e6 7. Qd2 a6 8.
O-O-O Bd7 9. Kb1 Be7 10. f3 Qc7 11. h4 h6 12. Be3 h5 13. Bg5 Ne5 14. Qe1 Rc8 15.
Be2 b5 16. a3 Qb6 17. Be3 Qb8 18. Rh3 d5 19. exd5 exd5 20. Rg3 O-O 21. Rg5 b4
22. axb4 Bxb4 23. Bd2 Rfe8 24. Na2 Bd6 25. Qf1 Nc4 26. Bxc4 Rxc4 27. Rxd5 Ra4
28. Rxd6 Qxd6 29. Bc3 Nd5 30. Nb3 Bf5 31. Bd4 Rxa2 32. Kxa2 Nb4+ 33. Ka1 Qc6 34.
Nc5 Nxc2+ 0-1

[Event "13th World Teams Pool A"]
[Site "Jerusalem ISR"]
[Date "2022.11.20"]
[Round "1.3"]
[Board "2"]
[White "Wen, Yang"]
[Black "Cawdery, Daniel"]
[Result "1-0"]
[WhiteTitle "GM"]
[BlackTitle "IM"]
[WhiteElo "2585"]
[BlackElo "2396"]
[WhiteTeam "China"]
[BlackTeam "South Africa"]
[WhiteFideId "8602956"]
[BlackFideId "14300249"]
[EventDate "2022.11.20"]

1. e4 c5 2. Nf3 Nc6 3. Bb5 g6 4. O-O Bg7 5. Re1 e5 6. Bxc6 dxc6 7. a3 Ne7 8. b4
cxb4 9. axb4 Bg4 10. d3 O-O 11. h3 Bxf3 12. Qxf3 Qd4 13. c3 Qd7 14. Na3 Rad8 15.
Rd1 Qe6 16. Be3 Nc8 17. Qe2 Rd7 18. Qa2 Qxa2 19. Rxa2 Rfd8 20. Rad2 h6 21. Nc4
b6 22. Kf1 f5 23. f3 Kf7 24. g4 Ke6 25. Ke2 Ne7 26. h4 f4 27. Bf2 Nc8 28. Ra1
Bf6 29. g5 Be7 30. gxh6 Rh8 31. d4 exd4 32. cxd4 Bf6 33. Rg1 Rxh6 34. Rg4 Ne7
35. Nb2 Rh8 36. Nd3 Rhd8 37. e5 1-0

[Event "13th World Teams Pool A"]
[Site "Jerusalem ISR"]
[Date "2022.11.20"]
[Round "1.3"]
[Board "3"]
[White "Barrish, Daniel"]
[Black "Bai, Jinshi"]
[Result "0-1"]
[WhiteTitle "FM"]
[BlackTitle "GM"]
[WhiteElo "2257"]
[BlackElo "2569"]
[WhiteTeam "South Africa"]
[BlackTeam "China"]
[WhiteFideId "14304600"]
[BlackFideId "8602280"]
[EventDate "2022.11.20"]

1. d4 Nf6 2. c4 g6 3. f3 d5 4. cxd5 Nxd5 5. e4 Nb6 6. Nc3 Bg7 7. Be3 O-O 8. Qd2
e5 9. d5 c6 10. h4 cxd5 11. exd5 h5 12. g4 Na6 13. gxh5 Bf5 14. a3 Rc8 15. hxg6
Nc5 16. gxf7+ Rxf7 17. Rd1 e4 18. Nh3 Nd3+ 19. Bxd3 exd3 20. Ng5 Nc4 21. Nxf7
Kxf7 22. Qf2 Bxc3+ 23. bxc3 Qe7 24. d6 Qxe3+ 25. Qxe3 Nxe3 26. Rb1 d2+ 27. Kf2
Bxb1 28. Kxe3 Bf5 29. Kxd2 Rd8 30. h5 Rxd6+ 31. Ke3 Rd3+ 32. Kf4 Bd7 33. Rg1 Bc6
34. Rg3 Rxc3 35. h6 Rc5 36. Rg7+ Kf6 37. Kg4 Rc1 38. Rh7 Kg6 0-1

[Event "13th World Teams Pool A"]
[Site "Jerusalem ISR"]
[Date "2022.11.20"]
[Round "1.3"]
[Board "4"]
[White "Li, Di"]
[Black "Mhango, Banele"]
[Result "1/2-1/2"]
[WhiteTitle "GM"]
[BlackTitle "FM"]
[WhiteElo "2539"]
[BlackElo "2210"]
[WhiteTeam "China"]
[BlackTeam "South Africa"]
[WhiteFideId "8607508"]
[BlackFideId "14327040"]
[EventDate "2022.11.20"]

1. d4 d5 2. c4 e6 3. Nf3 a6 4. g3 dxc4 5. Bg2 Nc6 6. O-O Rb8 7. e4 Nf6 8. Nc3
Be7 9. d5 Nb4 10. Ne5 exd5 11. exd5 Nd3 12. Nxd3 cxd3 13. Qxd3 O-O 14. Be3 Bd6
15. h3 Re8 16. Rac1 Bd7 17. Rfd1 Qc8 18. Bd4 Bf5 19. Qf3 Ne4 20. Re1 Nxc3 21.
Rxe8+ Qxe8 22. Qxc3 f6 23. Re1 Qa4 24. Bc5 Be5 25. Rxe5 fxe5 26. Qxe5 Qd7 27.
Kh2 Re8 28. Qf4 Qf7 29. Qb4 b6 30. Be3 a5 31. Qc4 h6 32. Bf4 Re7 33. Qd4 Qf6 34.
Qc4 Qf7 35. Qd4 Qf6 36. Qc4 Qf7 37. b3 Kh7 38. g4 Bg6 39. Bg3 Qf6 40. h4 h5 41.
g5 Qb2 42. Bxc7 Qxf2 43. Bg3 Qd2 44. Qf4 Re2 45. Qxd2 Rxd2 46. Kg1 Rd1+ 47. Kh2
Rd2 48. Kg1 Rxa2 49. Bc7 Rxg2+ 50. Kxg2 Be4+ 51. Kg3 Bxd5 52. Bxb6 Bxb3 53. Bxa5 1/2-1/2

[Event "13th World Teams Pool A"]
[Site "Jerusalem ISR"]
[Date "2022.11.20"]
[Round "2.1"]
[Board "1"]
[White "Santos Latasa, Jaime"]
[Black "Lu, Shanglei"]
[Result "0-1"]
[WhiteTitle "GM"]
[BlackTitle "GM"]
[WhiteElo "2665"]
[BlackElo "2605"]
[WhiteTeam "Spain"]
[BlackTeam "China"]
[WhiteFideId "2293307"]
[BlackFideId "8603332"]
[EventDate "2022.11.20"]

1. d4 Nf6 2. c4 e6 3. Nf3 d5 4. Nc3 dxc4 5. e4 Bb4 6. Bg5 h6 7. Bxf6 Qxf6 8.
Bxc4 c5 9. O-O cxd4 10. e5 Qd8 11. Ne4 O-O 12. Qe2 Be7 13. Rfd1 Qa5 14. a3 Rd8
15. Ng3 Nd7 16. Bd3 Nf8 17. Nd2 Bd7 18. f4 Rac8 19. Nf3 a6 20. Ne4 Bb5 21. Bxb5
axb5 22. b4 Qa4 23. Ne1 b6 24. g3 Rc4 25. Qf3 Qa8 26. Kf2 d3 27. Nd2 Rc3 28.
Qxa8 Rxa8 29. Ne4 Rcxa3 30. Rxa3 Rxa3 31. Nxd3 g5 32. Ke2 Ng6 33. fxg5 hxg5 34.
Rc1 Ra2+ 35. Ke3 Kg7 36. h3 Ra3 37. Rc3 Ra4 38. Rb3 Ra2 39. Kf3 Bd8 40. Rc3 Ne7
41. Nd6 Nd5 42. Rb3 Be7 43. Nxb5 Ra4 44. Nd6 Bxd6 45. exd6 Ra8 46. Ne5 Rd8 47.
Nc4 b5 48. Na3 Rxd6 49. Nxb5 Rb6 50. Nd4 Rxb4 51. Rxb4 Nxb4 52. Ke4 Nd5 53. Nf3
f6 54. g4 Nf4 55. h4 Nh3 56. Nd4 gxh4 57. Nxe6+ Kg6 58. Nd4 Kg5 59. Kf3 Nf4 60.
Nf5 Ng6 61. Ne3 Ne5+ 62. Kg2 Nxg4 63. Nd5 Ne5 64. Kh3 Nd3 65. Kh2 f5 66. Nc3 Kg4
67. Nd5 f4 68. Nf6+ Kf5 69. Nd5 f3 70. Ne3+ Ke4 71. Nd1 Nf4 72. Kg1 Nh3+ 73. Kh2
Ng5 74. Kg1 Kd3 75. Kf2 h3 76. Kg3 Kd2 77. Nf2 Ke2 78. Ng4 Ne4+ 79. Kh4 f2 80.
Nxf2 Nxf2 81. Kg3 Ke3 82. Kh2 Kf3 0-1

[Event "13th World Teams Pool A"]
[Site "Jerusalem ISR"]
[Date "2022.11.20"]
[Round "2.1"]
[Board "2"]
[White "Xu, Xiangyu"]
[Black "Anton Guijarro, David"]
[Result "1/2-1/2"]
[WhiteTitle "GM"]
[BlackTitle "GM"]
[WhiteElo "2577"]
[BlackElo "2668"]
[WhiteTeam "China"]
[BlackTeam "Spain"]
[WhiteFideId "8608288"]
[BlackFideId "2285525"]
[EventDate "2022.11.20"]

1. d4 Nf6 2. c4 e6 3. Nc3 Bb4 4. f3 c5 5. d5 b5 6. e4 d6 7. a3 Bxc3+ 8. bxc3
bxc4 9. Bxc4 O-O 10. Ne2 exd5 11. Bxd5 Nxd5 12. Qxd5 Be6 13. Qh5 Bc4 14. Kf2 Nc6
15. Rd1 Rb8 16. Ng3 g6 17. Qh6 Ne5 18. Kg1 Qe7 19. Bf4 f6 20. Bxe5 dxe5 21. h4
Rfd8 22. h5 Bf7 23. hxg6 hxg6 24. Nf1 c4 25. Rxd8+ Rxd8 26. Ne3 Qf8 27. Qxf8+
Kxf8 28. Rd1 Rxd1+ 29. Nxd1 Ke7 30. Kf2 Kd6 31. Ke3 Kc5 32. g4 Kb5 33. Nb2 Be6
34. Kf2 Bd7 35. Ke3 Be6 36. Kf2 Bd7 1/2-1/2

[Event "13th World Teams Pool A"]
[Site "Jerusalem ISR"]
[Date "2022.11.20"]
[Round "2.1"]
[Board "3"]
[White "Shirov, Alexei"]
[Black "Bai, Jinshi"]
[Result "1/2-1/2"]
[WhiteTitle "GM"]
[BlackTitle "GM"]
[WhiteElo "2666"]
[BlackElo "2569"]
[WhiteTeam "Spain"]
[BlackTeam "China"]
[WhiteFideId "2209390"]
[BlackFideId "8602280"]
[EventDate "2022.11.20"]

1. e4 e5 2. Nf3 Nf6 3. Nxe5 d6 4. Nf3 Nxe4 5. d4 d5 6. Bd3 Bd6 7. O-O O-O 8. c4
c6 9. cxd5 cxd5 10. Nc3 Re8 11. Re1 Nxc3 12. Rxe8+ Qxe8 13. bxc3 Nd7 14. Qb3 Nb6
15. Bd2 Bg4 16. Re1 Qd7 17. Ne5 Bxe5 18. dxe5 Bf5 19. Bb5 Qe7 20. Qb4 Qxb4 21.
cxb4 Rc8 22. Rc1 Nc4 23. Bxc4 dxc4 24. f3 Be6 25. Kf2 Rd8 26. Be1 h5 27. Ke2 Rd5
28. Rxc4 Rxe5+ 29. Re4 Rxe4+ 30. fxe4 Bxa2 31. Ke3 Bc4 32. Kd4 Bf1 33. g3 Bb5
34. Bd2 Kf8 35. Bf4 Ke7 36. Be5 g6 37. h4 Kd7 38. Bb8 a6 39. Bf4 Kc6 40. e5 Be2
41. Bg5 Bg4 42. Bf4 Kb5 43. Kc3 Be6 44. Bg5 Kc6 45. Kd4 Kb5 46. Kc3 Kc6 1/2-1/2

[Event "13th World Teams Pool A"]
[Site "Jerusalem ISR"]
[Date "2022.11.20"]
[Round "2.1"]
[Board "4"]
[White "Li, Di"]
[Black "Yuffa, Daniil"]
[Result "1-0"]
[WhiteTitle "GM"]
[BlackTitle "GM"]
[WhiteElo "2539"]
[BlackElo "2587"]
[WhiteTeam "China"]
[BlackTeam "Spain"]
[WhiteFideId "8607508"]
[BlackFideId "24131423"]
[EventDate "2022.11.20"]

1. d4 Nf6 2. Nf3 d5 3. c4 e6 4. g3 Bb4+ 5. Nbd2 O-O 6. Bg2 b6 7. O-O Bb7 8. Ne5
Qc8 9. cxd5 Bxd5 10. e4 Bb7 11. Re1 c5 12. a3 Bxd2 13. Bxd2 Rd8 14. Ng4 Nxg4 15.
Qxg4 Rxd4 16. Bc3 Nc6 17. Bxd4 Nxd4 18. Rac1 e5 19. Qxc8+ Rxc8 20. f4 f6 21. Kf2
a5 22. Bf1 g5 23. Bc4+ Kg7 24. fxg5 fxg5 25. Ke3 b5 26. Bd5 Bxd5 27. exd5 c4 28.
Ke4 Nb3 29. Rcd1 Nc5+ 30. Kf5 Nd3 31. Re2 Kf7 32. Kxg5 Ke7 33. Kh6 Kd6 34. Kxh7
b4 35. axb4 axb4 36. g4 Nf4 37. Rf2 c3 38. bxc3 Rxc3 39. g5 Rh3+ 40. Kg7 b3 41.
g6 Rh5 42. Kf6 Rh6 43. Kf7 Nxg6 44. Kg7 Rh3 45. Kxg6 e4 46. Kf5 e3 47. Re2 1-0

[Event "13th World Teams Pool A"]
[Site "Jerusalem ISR"]
[Date "2022.11.20"]
[Round "2.2"]
[Board "1"]
[White "Ivanchuk, Vasyl"]
[Black "Solomon, Kenny"]
[Result "1/2-1/2"]
[WhiteTitle "GM"]
[BlackTitle "GM"]
[WhiteElo "2673"]
[BlackElo "2355"]
[WhiteTeam "Ukraine"]
[BlackTeam "South Africa"]
[WhiteFideId "14100010"]
[BlackFideId "14300192"]
[EventDate "2022.11.20"]

1. e4 c5 2. Nf3 d6 3. Bb5+ Nd7 4. O-O a6 5. Bd3 Ngf6 6. Re1 e6 7. c3 b5 8. Bc2
c4 9. a4 Bb7 10. axb5 axb5 11. Rxa8 Qxa8 12. Na3 Bxe4 13. Bxe4 Nxe4 14. Nxb5 Qb7
15. d3 Nxf2 16. Nxd6+ Bxd6 17. Kxf2 cxd3 18. Qxd3 Bc5+ 19. Kf1 O-O 20. b4 Be7
21. Bd2 Rd8 22. Qe2 Ra8 23. c4 Ra2 24. c5 Qd5 25. Rc1 g5 26. c6 Nb6 27. c7 Nc8
28. Rc4 e5 29. h4 h6 30. hxg5 hxg5 31. Ke1 f6 32. Qe4 Qxe4+ 33. Rxe4 Rc2 34.
Nxe5 fxe5 35. Rxe5 Rxc7 36. Bxg5 Bxb4+ 37. Ke2 Be7 38. Bxe7 Rxe7 39. Rxe7 1/2-1/2

[Event "13th World Teams Pool A"]
[Site "Jerusalem ISR"]
[Date "2022.11.20"]
[Round "2.2"]
[Board "2"]
[White "Cawdery, Daniel"]
[Black "Kovalenko, Igor"]
[Result "0-1"]
[WhiteTitle "IM"]
[BlackTitle "GM"]
[WhiteElo "2396"]
[BlackElo "2674"]
[WhiteTeam "South Africa"]
[BlackTeam "Ukraine"]
[WhiteFideId "14300249"]
[BlackFideId "14117908"]
[EventDate "2022.11.20"]

1. e4 c5 2. Nf3 e6 3. Nc3 a6 4. d4 cxd4 5. Nxd4 b5 6. Bd3 Bb7 7. O-O Nc6 8. Nxc6
Bxc6 9. Re1 Ne7 10. Bf4 Ng6 11. Bg3 Bb4 12. Qd2 O-O 13. a3 Ba5 14. Bd6 Re8 15.
e5 Rc8 16. b4 Bb6 17. Ne4 Qh4 18. g3 Qg4 19. Qe2 Qxe2 20. Rxe2 Bd4 21. Rd1 Nxe5
22. c3 Nxd3 23. Rxd3 Bxe4 24. Rxd4 Bd5 25. f4 f6 26. Kf2 Kf7 27. Bc5 g6 28. Red2
Rc6 0-1

[Event "13th World Teams Pool A"]
[Site "Jerusalem ISR"]
[Date "2022.11.20"]
[Round "2.2"]
[Board "3"]
[White "Bernadskiy, Vitaliy"]
[Black "Barrish, Daniel"]
[Result "1-0"]
[WhiteTitle "GM"]
[BlackTitle "FM"]
[WhiteElo "2615"]
[BlackElo "2257"]
[WhiteTeam "Ukraine"]
[BlackTeam "South Africa"]
[WhiteFideId "14100371"]
[BlackFideId "14304600"]
[EventDate "2022.11.20"]

1. d4 Nf6 2. Bg5 d5 3. Nd2 h6 4. Bxf6 exf6 5. e3 Be7 6. g3 O-O 7. Bg2 c6 8. Ne2
Na6 9. O-O Nc7 10. c4 f5 11. Nf4 dxc4 12. Nxc4 Ne6 13. Nd3 Ng5 14. Rc1 Re8 15.
b4 Be6 16. Nf4 Bxc4 17. Rxc4 a5 18. bxa5 Rxa5 19. Qb3 Qa8 20. d5 Ne4 21. Bxe4
fxe4 22. Rxe4 Bd6 23. Rxe8+ Qxe8 24. dxc6 Qxc6 25. Ne2 Qa6 26. Nc1 Ba3 27. h4 g6
28. Rd1 Bxc1 29. Rd8+ Kg7 30. Qc3+ Qf6 31. Qxa5 1-0

[Event "13th World Teams Pool A"]
[Site "Jerusalem ISR"]
[Date "2022.11.20"]
[Round "2.2"]
[Board "4"]
[White "Mhango, Banele"]
[Black "Oleksiyenko, Mykhaylo"]
[Result "0-1"]
[WhiteTitle "FM"]
[BlackTitle "GM"]
[WhiteElo "2210"]
[BlackElo "2594"]
[WhiteTeam "South Africa"]
[BlackTeam "Ukraine"]
[WhiteFideId "14327040"]
[BlackFideId "4152417"]
[EventDate "2022.11.20"]

1. Nf3 c5 2. b3 d5 3. e3 Nc6 4. Bb2 a6 5. h3 Nf6 6. Be2 d4 7. d3 e5 8. e4 Be7 9.
O-O O-O 10. Nbd2 b5 11. Re1 Nd7 12. Bf1 Nb6 13. c3 dxc3 14. Bxc3 f6 15. Nh2 Be6
16. Ng4 Qd7 17. Ne3 Rfd8 18. a4 Rab8 19. axb5 axb5 20. Kh2 Bf8 21. g3 Qf7 22.
Ra6 Nd4 23. Ba5 Rd6 24. b4 Qb7 25. Rxb6 Rxb6 26. Bxb6 Qxb6 27. bxc5 Bxc5 28. Bg2
Bb4 29. Rf1 Bxd2 30. Qxd2 b4 31. f4 b3 32. fxe5 fxe5 33. h4 b2 34. Rb1 Ba2 35.
Nc4 Bxc4 36. dxc4 Qb3 37. c5 Qa2 38. Qd1 Rc8 39. Qg4 Rf8 0-1